000 00372cam a2200133 4500500
005 20260329012959.0
041 _afre
042 _adc
245 0 0 _aExpositions
260 _c2005.
500 _a1
786 0 _nÉtudes | 402 | 2 | 2005-02-01 | p. 259-264 | 0014-1941
856 4 1 _uhttps://shs.cairn.info/revue-etudes-2005-2-page-259?lang=fr&redirect-ssocas=7080
999 _c1876124
_d1876124